|
|
|
|
| LEADER |
02031nam a2200457 i 4500 |
| 001 |
EBC3007981 |
| 003 |
MiAaPQ |
| 005 |
20200520144314.0 |
| 006 |
m o d | |
| 007 |
cr cnu|||||||| |
| 008 |
930210s1993 ncua ob 001 0 eng|d |
| 020 |
|
|
|z 0822313537 (acid-free paper)
|
| 020 |
|
|
|z 0822313715 (pbk. : acid-free paper)
|
| 020 |
|
|
|z 9780822313533
|
| 020 |
|
|
|a 9780822396239 (e-book)
|
| 035 |
|
|
|a (MiAaPQ)EBC3007981
|
| 035 |
|
|
|a (Au-PeEL)EBL3007981
|
| 035 |
|
|
|a (CaPaEBR)ebr10909551
|
| 035 |
|
|
|a (CaONFJC)MIL637992
|
| 035 |
|
|
|a (OCoLC)891395402
|
| 040 |
|
|
|a MiAaPQ
|b eng
|e rda
|e pn
|c MiAaPQ
|d MiAaPQ
|
| 043 |
|
|
|a e-sp---
|a cl-----
|
| 050 |
|
4 |
|a PQ6105
|b .G68 1993
|
| 082 |
0 |
|
|a 862/.2
|2 20
|
| 100 |
1 |
|
|a Gonzalez Echevarria, Roberto,
|e author.
|
| 245 |
1 |
0 |
|a Celestina's brood :
|b continuities of the Baroque in Spanish and Latin American literatures /
|c Roberto Gonzalez Echevarria.
|
| 264 |
|
1 |
|a Durham :
|b Duke University Press,
|c 1993.
|
| 300 |
|
|
|a 1 online resource (297 pages) :
|b illustrations
|
| 336 |
|
|
|a text
|2 rdacontent
|
| 337 |
|
|
|a computer
|2 rdamedia
|
| 338 |
|
|
|a online resource
|2 rdacarrier
|
| 504 |
|
|
|a Includes bibliographical references (pages [239]-272) and index.
|
| 588 |
|
|
|a Description based on print version record.
|
| 590 |
|
|
|a Electronic reproduction. Ann Arbor, MI : ProQuest, 2015. Available via World Wide Web. Access may be limited to ProQuest affiliated libraries.
|
| 650 |
|
0 |
|a Spanish literature
|y Classical period, 1500-1700
|x History and criticism.
|
| 650 |
|
0 |
|a Baroque literature.
|
| 650 |
|
0 |
|a Spanish American literature
|x History and criticism.
|
| 655 |
|
4 |
|a Electronic books.
|
| 776 |
0 |
8 |
|i Print version:
|a Gonzalez Echevarria, Roberto.
|t Celestina's brood : continuities of the Baroque in Spanish and Latin American literatures.
|d Durham : Duke University Press, 1993
|h xi, 281 pages ; 23 cm
|z 9780822313533
|w (DLC)10909551
|
| 797 |
2 |
|
|a ProQuest (Firm)
|
| 856 |
4 |
0 |
|u https://ebookcentral.proquest.com/lib/matrademy/detail.action?docID=3007981
|z Click to View
|